| 000 | 00384nam a2200145 4500 | ||
|---|---|---|---|
| 999 |
_c510334 _d510334 |
||
| 008 | 190811b ||||| |||| 00| 0 eng d | ||
| 100 |
_aSwaminathan, Freda _98138 |
||
| 245 | _aMethods for stimulating creativity and innovation in marketing | ||
| 260 | _c2019 | ||
| 300 | _ap.20-29. | ||
| 650 |
_aInnovation _98139 |
||
| 773 | _aAbhigyan | ||
| 906 | _aMarketing | ||
| 942 |
_2ddc _cAR |
||